Statistics for Most Populous Country by Sea

Click here to take the quiz!

General Stats

  • This quiz has been taken 43 times
    (28 since last reset)
  • The average score is 13 of 18

Answer Stats

SeaCountry% Correct
MediterraneanEgypt
100%
CaribbeanMexico
96%
South ChinaChina
93%
RedEgypt
93%
NorthGermany
93%
CaspianRussia
93%
BalticRussia
93%
AdriaticItaly
89%
YellowChina
85%
GreenlandDenmark
85%
BeringUnited States
81%
ArabianIndia
74%
CoralAustralia
67%
SolomonPapua New Guinea
56%
KaraRussia
52%
SavuIndonesia
37%
LaccadiveIndia
30%
SargassoUnited Kingdom (Bermuda)
26%

Score Distribution

Percentile by Number Answered

Percent of People with Each Score

Your Score History

You have not taken this quiz since the last reset